Judith Schaechter (Record no. 12057)

MARC details
000 - LÍDER
campo de control de longitud fija 01269nam a2200253Ia 4500
008 - ELEMENTOS DE DATOS DE LONGITUD FIJA - INFORMACIÓN GENERAL
campo de control de longitud fija 0000002003 usad 0000000000eng00
020 ## - INTERNATIONAL STANDARD BOOK NUMBER
International Standard Book Number 965318974
090 ## - NÚMERO DE LLAMADA DE TIPO LC LOCALMENTE ASIGNADO (OCLC)
Número de clasificación (OCLC) (R) PUS00 J82j
245 10 - TÍTULO DECLARACIÓN
Título Judith Schaechter
Resto del título : selected works 19882003
260 ## - PUBLICACIÓN, DISTRIBUCIÓN
Lugar de publicación Miami : Bass Museum of Art
Fecha de publicación 2003
300 ## - DESCRIPCIÓN FÍSICA
Alcance 40 p.
Dimensiones / 22 cm.
500 ## - NOTA GENERAL
Nota general Exposición realizada en: Bass Musemu of Art, diciembre 4, 2003 marzo 7, 2004; Museum of Glass International Center for Contemporary Art, abril 3 agosto 1, 2004; John Michael Kohler Arts Center, agosto 22 noviembre 28, 2004; Kemper Museum of Contemporary Art, octubre 15, 2004 enero 9, 2005 \ Incluye cronología del artista \ Proyecto Ganador Programa Apoyos Concertados FGAA 2010
501 ## - Con nota
Con nota The contemporary rituals of Judith Schaechter / Claire Oliver The Isabella commentary In my words Judith Schaechter
600 00 - ENTRADA DE SUJETO AÑADIDO - NOMBRE PERSONAL
Nombre de la persona SCHAECHTER, JUDITH/
Subdivisión general TRABAJOS PICTORICOS
650 14 - ENTRADA DE SUJETO AÑADIDO - TÉRMINO TÓPICO
Término tópico o elemento de entrada del nombre geográfico ARTE CONTEMPORANEO ESTADOUNIDENSE
650 14 - ENTRADA DE SUJETO AÑADIDO - TÉRMINO TÓPICO
Término tópico o elemento de entrada del nombre geográfico ARTISTAS PLASTICOS ESTADOUNIDENSES
650 14 - ENTRADA DE SUJETO AÑADIDO - TÉRMINO TÓPICO
Subdivisión general CATALOGOS
650 14 - ENTRADA DE SUJETO AÑADIDO - TÉRMINO TÓPICO
Término tópico o elemento de entrada del nombre geográfico DIBUJO A LAPIZ
650 14 - ENTRADA DE SUJETO AÑADIDO - TÉRMINO TÓPICO
Término tópico o elemento de entrada del nombre geográfico DIBUJOS ESTADOUNIDENSES
650 14 - ENTRADA DE SUJETO AÑADIDO - TÉRMINO TÓPICO
Subdivisión general EXPOSICIONES
650 14 - ENTRADA DE SUJETO AÑADIDO - TÉRMINO TÓPICO
Término tópico o elemento de entrada del nombre geográfico PINTORES ESTADOUNIDENSES
650 14 - ENTRADA DE SUJETO AÑADIDO - TÉRMINO TÓPICO
Término tópico o elemento de entrada del nombre geográfico PINTURA ESTADOUNIDENSE
700 1# - ENTRADA AGREGADA - NOMBRE PERSONAL
Nombre de la persona Moody, Rick \ Oliver, Claire
Holdings
Estado de retirada Pérdida de estatus Estado dañado No para préstamo Código de recogida Ubicación permanente Ubicación actual Ubicación de las estanterías Fecha de adquisición Número de llamada completo Código de barras Fecha de la última vez que se vio Número de copia Precio efectivo desde Tipo de artículo Koha
        General ArtNexus ArtNexus General 06/09/2022 P-US-00 J82J 12179 06/09/2022 Ej.1 06/09/2022 Libro

Powered by Koha